[Event "European Chess Club Cup 2023"]
[Site "Durres, Albania"]
[Date "2023.10.06"]
[Round "6.6"]
[White "Sadikhov, Ulvi"]
[Black "Bartel, Mateusz"]
[Result "0-1"]
[TimeControl "90' + 30' & 30\""]
[WhiteElo "2492"]
[BlackElo "2651"]

1. c4 {[%clk 01:30:56]} {[%emt 00:00:03]} e6 {[%clk 01:30:54]} {[%emt
00:00:07]} 2. g3 {[%clk 01:31:20]} {[%emt 00:00:07]} d5 {[%clk 01:31:14]}
{[%emt 00:00:10]} 3. Bg2 {[%clk 01:31:45]} {[%emt 00:00:05]} dxc4 {[%clk
01:31:36]} {[%emt 00:00:07]} 4. Qa4+ {[%clk 01:31:41]} {[%emt 00:00:34]} Qd7
{[%clk 01:31:58]} {[%emt 00:00:08]} 5. Qxc4 {[%clk 01:31:46]} {[%emt 00:00:25]}
c5 {[%clk 01:32:22]} {[%emt 00:00:06]} 6. Nf3 {[%clk 01:29:04]} {[%emt
00:03:12]} Nc6 {[%clk 01:32:48]} {[%emt 00:00:04]} 7. O-O {[%clk 01:24:02]}
{[%emt 00:05:32]} Nf6 {[%clk 01:32:28]} {[%emt 00:00:50]} 8. Nc3 {[%clk
01:16:08]} {[%emt 00:08:24]} Be7 {[%clk 01:30:51]} {[%emt 00:02:07]} 9. d4
{[%clk 01:07:49]} {[%emt 00:08:49]} cxd4 {[%clk 01:31:12]} {[%emt 00:00:09]} 10.
Rd1 {[%clk 01:08:04]} {[%emt 00:00:16]} e5 {[%clk 01:31:36]} {[%emt 00:00:06]}
11. e3 {[%clk 01:07:00]} {[%emt 00:01:33]} d3 {[%clk 01:31:58]} {[%emt
00:00:07]} 12. Ng5 {[%clk 00:51:27]} {[%emt 00:16:03]} O-O {[%clk 01:29:03]}
{[%emt 00:03:25]} 13. Rxd3 {[%clk 00:49:44]} {[%emt 00:02:14]} Qe8 {[%clk
01:22:16]} {[%emt 00:07:16]} 14. Nb5 {[%clk 00:41:52]} {[%emt 00:08:22]} Na5
{[%clk 01:10:55]} {[%emt 00:11:51]} 15. Qa4 {[%clk 00:42:07]} {[%emt 00:00:16]}
Bd7 {[%clk 01:10:04]} {[%emt 00:01:21]} 16. Qxa5 {[%clk 00:39:04]} {[%emt
00:03:33]} Bxb5 {[%clk 01:09:21]} {[%emt 00:01:13]} 17. Rb3 {[%clk 00:39:30]}
{[%emt 00:00:04]} Bc6 {[%clk 01:04:42]} {[%emt 00:05:09]} 18. Bd2 {[%clk
00:32:55]} {[%emt 00:07:05]} Rd8 {[%clk 00:55:36]} {[%emt 00:09:35]} 19. Bxc6
{[%clk 00:31:19]} {[%emt 00:02:06]} Qxc6 {[%clk 00:55:37]} {[%emt 00:00:29]} 20.
Rc1 {[%clk 00:30:44]} {[%emt 00:01:04]} Qd7 {[%clk 00:55:47]} {[%emt 00:00:20]}
21. Rc7 {[%clk 00:28:15]} {[%emt 00:02:59]} Qg4 {[%clk 00:52:31]} {[%emt
00:03:46]} 22. Rxe7 {[%clk 00:25:23]} {[%emt 00:03:22]} b6 {[%clk 00:51:43]}
{[%emt 00:01:18]} 23. Qxe5 {[%clk 00:07:18]} {[%emt 00:18:36]} Rxd2 {[%clk
00:51:59]} {[%emt 00:00:13]} 24. Qf4 {[%clk 00:07:03]} {[%emt 00:00:46]} Rd1+
{[%clk 00:51:14]} {[%emt 00:01:14]} 25. Kg2 {[%clk 00:07:28]} {[%emt 00:00:05]}
Qe2 {[%clk 00:51:40]} {[%emt 00:00:04]} 26. g4 {[%clk 00:04:38]} {[%emt
00:03:21]} h6 {[%clk 00:47:52]} {[%emt 00:04:18]} 27. Ne4 {[%clk 00:03:01]}
{[%emt 00:02:07]} Nd5 {[%clk 00:48:00]} {[%emt 00:00:22]} 28. Qe5 {[%clk
00:03:20]} {[%emt 00:00:10]} Nxe7 {[%clk 00:47:40]} {[%emt 00:00:50]} 29. Qxe7
{[%clk 00:03:45]} {[%emt 00:00:06]} Qxg4+ {[%clk 00:48:03]} {[%emt 00:00:07]}
30. Ng3 {[%clk 00:04:11]} {[%emt 00:00:04]} Rd7 {[%clk 00:44:09]} {[%emt
00:04:23]} 31. Qe5 {[%clk 00:04:17]} {[%emt 00:00:24]} Rc8 {[%clk 00:44:34]}
{[%emt 00:00:05]} 32. h3 {[%clk 00:04:13]} {[%emt 00:00:35]} Qg6 {[%clk
00:43:56]} {[%emt 00:01:08]} 33. e4 {[%clk 00:04:20]} {[%emt 00:00:23]} Rd2
{[%clk 00:43:06]} {[%emt 00:01:20]} 34. Rf3 {[%clk 00:04:16]} {[%emt 00:00:33]}
Qe6 {[%clk 00:43:14]} {[%emt 00:00:21]} 35. Qf4 {[%clk 00:04:23]} {[%emt
00:00:25]} Rcc2 {[%clk 00:40:46]} {[%emt 00:02:57]} 36. Nf5 {[%clk 00:04:35]}
{[%emt 00:00:18]} Qg6+ {[%clk 00:38:52]} {[%emt 00:02:24]} 37. Kh2 {[%clk
00:04:35]} {[%emt 00:00:30]} Qg5 {[%clk 00:39:11]} {[%emt 00:00:11]} 0-1

[Event "European Chess Club Cup 2023"]
[Site "Durres, Albania"]
[Date "2023.10.06"]
[Round "6.7"]
[White "Rapport, Richard"]
[Black "Carlsen, Magnus"]
[Result "1/2-1/2"]
[TimeControl "90' + 30' & 30\""]
[WhiteElo "2752"]
[BlackElo "2839"]

1. e4 {[%clk 01:30:34]} {[%emt 00:00:23]} c5 {[%clk 01:30:23]} {[%emt
00:00:40]} 2. Nf3 {[%clk 01:29:52]} {[%emt 00:01:10]} Nc6 {[%clk 01:30:48]}
{[%emt 00:00:07]} 3. Bb5 {[%clk 01:30:04]} {[%emt 00:00:18]} g6 {[%clk
01:31:05]} {[%emt 00:00:13]} 4. O-O {[%clk 01:29:31]} {[%emt 00:01:03]} Bg7
{[%clk 01:31:28]} {[%emt 00:00:07]} 5. Re1 {[%clk 01:29:53]} {[%emt 00:00:08]}
e5 {[%clk 01:30:27]} {[%emt 00:01:31]} 6. Bxc6 {[%clk 01:29:15]} {[%emt
00:01:08]} dxc6 {[%clk 01:30:46]} {[%emt 00:00:09]} 7. d3 {[%clk 01:29:36]}
{[%emt 00:00:09]} Qe7 {[%clk 01:31:00]} {[%emt 00:00:18]} 8. Nbd2 {[%clk
01:29:34]} {[%emt 00:00:31]} Nf6 {[%clk 01:27:47]} {[%emt 00:03:44]} 9. Nc4
{[%clk 01:27:43]} {[%emt 00:02:20]} Nd7 {[%clk 01:27:50]} {[%emt 00:00:26]} 10.
h4 {[%clk 01:28:04]} {[%emt 00:00:11]} Nb6 {[%clk 01:16:15]} {[%emt 00:12:05]}
11. Ne3 {[%clk 01:11:55]} {[%emt 00:16:38]} h5 {[%clk 01:12:38]} {[%emt
00:04:07]} 12. g3 {[%clk 00:59:12]} {[%emt 00:13:13]} Be6 {[%clk 01:10:01]}
{[%emt 00:03:07]} 13. b3 {[%clk 00:52:09]} {[%emt 00:07:34]} f6 {[%clk
01:06:21]} {[%emt 00:04:09]} 14. Qd2 {[%clk 00:49:36]} {[%emt 00:03:03]} Nd7
{[%clk 01:04:47]} {[%emt 00:02:05]} 15. a4 {[%clk 00:44:56]} {[%emt 00:05:10]}
a5 {[%clk 01:03:44]} {[%emt 00:01:33]} 16. Nc4 {[%clk 00:36:36]} {[%emt
00:08:50]} Bh6 {[%clk 00:58:05]} {[%emt 00:06:09]} 17. Qc3 {[%clk 00:35:49]}
{[%emt 00:01:18]} Bxc1 {[%clk 00:58:11]} {[%emt 00:00:24]} 18. Raxc1 {[%clk
00:31:51]} {[%emt 00:04:27]} b6 {[%clk 00:57:49]} {[%emt 00:00:51]} 19. Qd2
{[%clk 00:30:32]} {[%emt 00:01:50]} O-O-O {[%clk 00:56:28]} {[%emt 00:01:51]}
20. Qe3 {[%clk 00:30:15]} {[%emt 00:00:47]} Kb7 {[%clk 00:54:22]} {[%emt
00:02:37]} 21. Kh1 {[%clk 00:24:38]} {[%emt 00:06:06]} Nf8 {[%clk 00:52:39]}
{[%emt 00:02:13]} 22. Rg1 {[%clk 00:24:23]} {[%emt 00:00:45]} Bf7 {[%clk
00:48:21]} {[%emt 00:04:48]} 23. Rg2 {[%clk 00:24:07]} {[%emt 00:00:46]} Ne6
{[%clk 00:48:34]} {[%emt 00:00:17]} 24. Nfd2 {[%clk 00:20:33]} {[%emt
00:04:04]} Qc7 {[%clk 00:41:22]} {[%emt 00:07:42]} 25. Qf3 {[%clk 00:20:04]}
{[%emt 00:00:59]} Qe7 {[%clk 00:41:40]} {[%emt 00:00:12]} 26. Qe3 {[%clk
00:20:28]} {[%emt 00:00:06]} Qc7 {[%clk 00:42:02]} {[%emt 00:00:07]} 27. Qf3
{[%clk 00:20:54]} {[%emt 00:00:04]} Qe7 {[%clk 00:42:27]} {[%emt 00:00:05]} 28.
Qe3 {[%clk 00:20:29]} 1/2-1/2

[Event "European Chess Club Cup 2023"]
[Site "Durres, Albania"]
[Date "2023.10.06"]
[Round "6.8"]
[White "Sadhwani, Raunak"]
[Black "Anand, Viswanathan"]
[Result "1/2-1/2"]
[TimeControl "90' + 30' & 30\""]
[WhiteElo "2641"]
[BlackElo "2754"]

1. e4 {[%clk 01:30:34]} {[%emt 00:00:20]} e5 {[%clk 01:30:54]} {[%emt
00:00:12]} 2. Nf3 {[%clk 01:30:48]} {[%emt 00:00:15]} Nc6 {[%clk 01:31:16]}
{[%emt 00:00:08]} 3. Bb5 {[%clk 01:30:51]} {[%emt 00:00:27]} a6 {[%clk
01:31:35]} {[%emt 00:00:11]} 4. Ba4 {[%clk 01:31:14]} {[%emt 00:00:08]} Nf6
{[%clk 01:31:57]} {[%emt 00:00:08]} 5. O-O {[%clk 01:31:27]} {[%emt 00:00:17]}
Nxe4 {[%clk 01:32:11]} {[%emt 00:00:15]} 6. d4 {[%clk 01:31:49]} {[%emt
00:00:09]} b5 {[%clk 01:32:36]} {[%emt 00:00:05]} 7. Bb3 {[%clk 01:32:13]}
{[%emt 00:00:06]} d5 {[%clk 01:32:59]} {[%emt 00:00:06]} 8. dxe5 {[%clk
01:32:32]} {[%emt 00:00:12]} Be6 {[%clk 01:33:21]} {[%emt 00:00:08]} 9. c3
{[%clk 01:32:49]} {[%emt 00:00:12]} Be7 {[%clk 01:33:20]} {[%emt 00:00:31]} 10.
Nbd2 {[%clk 01:32:40]} {[%emt 00:00:39]} Nc5 {[%clk 01:33:41]} {[%emt
00:00:09]} 11. Bc2 {[%clk 01:32:40]} {[%emt 00:00:31]} d4 {[%clk 01:34:02]}
{[%emt 00:00:09]} 12. Nb3 {[%clk 01:33:00]} {[%emt 00:00:10]} dxc3 {[%clk
01:34:20]} {[%emt 00:00:12]} 13. Nxc5 {[%clk 01:33:10]} {[%emt 00:00:20]} Bxc5
{[%clk 01:34:42]} {[%emt 00:00:07]} 14. Be4 {[%clk 01:32:21]} {[%emt 00:01:20]}
Qd7 {[%clk 01:35:01]} {[%emt 00:00:10]} 15. Bg5 {[%clk 01:26:52]} {[%emt
00:06:00]} h6 {[%clk 01:33:48]} {[%emt 00:01:42]} 16. Qc2 {[%clk 01:26:15]}
{[%emt 00:01:07]} hxg5 {[%clk 01:32:16]} {[%emt 00:02:02]} 17. Rfd1 {[%clk
01:20:01]} {[%emt 00:06:44]} Nd4 {[%clk 01:18:20]} {[%emt 00:14:26]} 18. Nxd4
{[%clk 01:17:54]} {[%emt 00:02:38]} Bxd4 {[%clk 01:18:05]} {[%emt 00:00:45]} 19.
bxc3 {[%clk 01:17:16]} {[%emt 00:01:08]} Rd8 {[%clk 01:15:03]} {[%emt
00:03:32]} 20. Rxd4 {[%clk 01:14:41]} {[%emt 00:03:05]} Qe7 {[%clk 01:14:41]}
{[%emt 00:00:51]} 21. Bc6+ {[%clk 01:14:29]} {[%emt 00:00:43]} Kf8 {[%clk
01:14:45]} {[%emt 00:00:25]} 22. Rxd8+ {[%clk 00:48:40]} {[%emt 00:26:19]} Qxd8
{[%clk 01:15:06]} {[%emt 00:00:09]} 23. Rd1 {[%clk 00:48:09]} {[%emt 00:01:02]}
Qe7 {[%clk 01:15:05]} {[%emt 00:00:31]} 24. Qd2 {[%clk 00:47:19]} {[%emt
00:01:20]} g6 {[%clk 01:14:36]} {[%emt 00:00:58]} 25. Qd8+ {[%clk 00:47:36]}
{[%emt 00:00:13]} Qxd8 {[%clk 01:15:00]} {[%emt 00:00:06]} 26. Rxd8+ {[%clk
00:48:01]} {[%emt 00:00:04]} Kg7 {[%clk 01:15:21]} {[%emt 00:00:10]} 27. Rxh8
{[%clk 00:48:26]} {[%emt 00:00:05]} Kxh8 {[%clk 01:15:48]} {[%emt 00:00:03]} 28.
a3 {[%clk 00:48:50]} {[%emt 00:00:07]} Kg7 {[%clk 01:16:00]} {[%emt 00:00:17]}
29. f3 {[%clk 00:49:01]} {[%emt 00:00:19]} f6 {[%clk 01:15:26]} {[%emt
00:01:04]} 30. exf6+ {[%clk 00:49:22]} {[%emt 00:00:10]} Kxf6 {[%clk 01:15:48]}
{[%emt 00:00:08]} 31. Kf2 {[%clk 00:49:33]} {[%emt 00:00:19]} Ke7 {[%clk
01:10:58]} {[%emt 00:05:19]} 32. Ke3 {[%clk 00:48:59]} {[%emt 00:01:04]} Kd6
{[%clk 01:07:24]} {[%emt 00:04:04]} 33. Be8 {[%clk 00:47:03]} {[%emt 00:02:26]}
Bf5 {[%clk 01:07:35]} {[%emt 00:00:19]} 34. g4 {[%clk 00:47:09]} {[%emt
00:00:25]} Bb1 {[%clk 01:06:19]} {[%emt 00:01:44]} 35. f4 {[%clk 00:46:17]}
{[%emt 00:01:24]} Ke7 {[%clk 01:04:00]} {[%emt 00:02:49]} 36. Bc6 {[%clk
00:46:40]} {[%emt 00:00:06]} Kd6 {[%clk 01:04:22]} {[%emt 00:00:08]} 37. Be8
{[%clk 00:45:48]} {[%emt 00:01:22]} Ke7 {[%clk 01:04:43]} {[%emt 00:00:09]} 38.
Bc6 {[%clk 00:46:12]} {[%emt 00:00:07]} Kd6 {[%clk 01:05:08]} {[%emt 00:00:05]}
39. Be8 {[%clk 00:46:39]} {[%emt 00:00:03]} 1/2-1/2

[Event "European Chess Club Cup 2023"]
[Site "Durres, Albania"]
[Date "2023.10.06"]
[Round "6.9"]
[White "Deac, Bogdan-Daniel"]
[Black "Tari, Aryan"]
[Result "1-0"]
[TimeControl "90' + 30' & 30\""]
[WhiteElo "2701"]
[BlackElo "2619"]

1. a3 {[%clk 01:30:57]} {[%emt 00:00:02]} g6 {[%clk 01:27:47]} {[%emt
00:03:13]} 2. d4 {[%clk 01:27:53]} {[%emt 00:03:34]} Nf6 {[%clk 01:27:42]}
{[%emt 00:00:35]} 3. Nd2 {[%clk 01:25:55]} {[%emt 00:02:28]} d5 {[%clk
01:21:51]} {[%emt 00:06:22]} 4. Ngf3 {[%clk 01:26:09]} {[%emt 00:00:16]} Bg7
{[%clk 01:21:53]} {[%emt 00:00:27]} 5. e3 {[%clk 01:26:33]} {[%emt 00:00:06]}
O-O {[%clk 01:19:43]} {[%emt 00:02:40]} 6. Be2 {[%clk 01:26:39]} {[%emt
00:00:24]} c5 {[%clk 01:11:35]} {[%emt 00:08:39]} 7. O-O {[%clk 01:23:50]}
{[%emt 00:03:18]} cxd4 {[%clk 01:06:40]} {[%emt 00:05:26]} 8. exd4 {[%clk
01:24:12]} {[%emt 00:00:08]} Nc6 {[%clk 01:06:35]} {[%emt 00:00:34]} 9. Re1
{[%clk 01:24:07]} {[%emt 00:00:34]} e5 {[%clk 00:54:12]} {[%emt 00:12:54]} 10.
Nxe5 {[%clk 01:04:07]} {[%emt 00:20:30]} Nxd4 {[%clk 00:54:25]} {[%emt
00:00:17]} 11. Bd3 {[%clk 00:59:31]} {[%emt 00:05:06]} Re8 {[%clk 00:52:39]}
{[%emt 00:02:16]} 12. c3 {[%clk 00:55:58]} {[%emt 00:04:04]} Nc6 {[%clk
00:51:03]} {[%emt 00:02:06]} 13. Ndf3 {[%clk 00:55:13]} {[%emt 00:01:15]} Nxe5
{[%clk 00:46:35]} {[%emt 00:04:58]} 14. Rxe5 {[%clk 00:54:48]} {[%emt
00:00:54]} Rxe5 {[%clk 00:36:58]} {[%emt 00:10:08]} 15. Nxe5 {[%clk 00:55:15]}
{[%emt 00:00:03]} Nd7 {[%clk 00:35:12]} {[%emt 00:02:16]} 16. Nf3 {[%clk
00:46:45]} {[%emt 00:09:00]} Ne5 {[%clk 00:34:47]} {[%emt 00:00:55]} 17. Be2
{[%clk 00:45:49]} {[%emt 00:01:25]} Nc6 {[%clk 00:29:25]} {[%emt 00:05:52]} 18.
Be3 {[%clk 00:46:09]} {[%emt 00:00:10]} Bg4 {[%clk 00:26:58]} {[%emt 00:02:58]}
19. Rc1 {[%clk 00:35:50]} {[%emt 00:10:48]} Qd6 {[%clk 00:25:35]} {[%emt
00:01:53]} 20. Rc2 {[%clk 00:26:41]} {[%emt 00:09:40]} Re8 {[%clk 00:20:41]}
{[%emt 00:05:24]} 21. Rd2 {[%clk 00:20:12]} {[%emt 00:06:59]} Qe7 {[%clk
00:14:34]} {[%emt 00:06:37]} 22. h3 {[%clk 00:13:10]} {[%emt 00:07:31]} Be6
{[%clk 00:14:47]} {[%emt 00:00:17]} 23. Bf1 {[%clk 00:07:45]} {[%emt 00:05:55]}
h6 {[%clk 00:14:07]} {[%emt 00:01:10]} 24. Nd4 {[%clk 00:04:45]} {[%emt
00:03:30]} Bd7 {[%clk 00:09:51]} {[%emt 00:04:47]} 25. Ne2 {[%clk 00:03:13]}
{[%emt 00:02:02]} Ne5 {[%clk 00:09:17]} {[%emt 00:01:04]} 26. Nf4 {[%clk
00:03:34]} {[%emt 00:00:09]} Qh4 {[%clk 00:06:39]} {[%emt 00:03:07]} 27. g3
{[%clk 00:03:40]} {[%emt 00:00:24]} Qf6 {[%clk 00:06:47]} {[%emt 00:00:22]} 28.
Bxa7 {[%clk 00:00:56]} {[%emt 00:03:15]} g5 {[%clk 00:06:03]} {[%emt 00:01:14]}
29. Nxd5 {[%clk 00:01:07]} {[%emt 00:00:19]} Qe6 {[%clk 00:04:55]} {[%emt
00:01:38]} 30. Nc7 {[%clk 00:00:53]} {[%emt 00:00:43]} Qc6 {[%clk 00:05:20]}
{[%emt 00:00:05]} 31. Nxe8 {[%clk 00:00:44]} {[%emt 00:00:39]} Nf3+ {[%clk
00:05:44]} {[%emt 00:00:06]} 32. Qxf3 {[%clk 00:01:09]} {[%emt 00:00:05]} Qxf3
{[%clk 00:06:11]} {[%emt 00:00:03]} 33. Rxd7 {[%clk 00:01:35]} {[%emt
00:00:05]} Be5 {[%clk 00:06:37]} {[%emt 00:00:04]} 34. Rd3 {[%clk 00:01:11]}
{[%emt 00:00:53]} Qc6 {[%clk 00:05:58]} {[%emt 00:01:10]} 35. Rd8 {[%clk
00:01:35]} {[%emt 00:00:06]} Qf3 {[%clk 00:06:21]} {[%emt 00:00:07]} 36. Nf6+
{[%clk 00:01:09]} {[%emt 00:00:55]} Kg7 {[%clk 00:06:46]} {[%emt 00:00:06]} 37.
Ng4 {[%clk 00:01:34]} {[%emt 00:00:05]} f6 {[%clk 00:06:41]} {[%emt 00:00:34]}
38. Rd7+ {[%clk 00:01:40]} {[%emt 00:00:24]} 1-0

[Event "European Chess Club Cup 2023"]
[Site "Durres, Albania"]
[Date "2023.10.06"]
[Round "6.10"]
[White "Pranav, V"]
[Black "Van Foreest, Jorden"]
[Result "1-0"]
[TimeControl "90' + 30' & 30\""]
[WhiteElo "2579"]
[BlackElo "2707"]

1. e4 {[%clk 01:30:34]} {[%emt 00:00:16]} e5 {[%clk 01:29:37]} {[%emt
00:01:33]} 2. Nf3 {[%clk 01:30:55]} {[%emt 00:00:09]} Nc6 {[%clk 01:30:02]}
{[%emt 00:00:04]} 3. Bb5 {[%clk 01:31:17]} {[%emt 00:00:09]} a6 {[%clk
01:30:25]} {[%emt 00:00:07]} 4. Ba4 {[%clk 01:31:42]} {[%emt 00:00:06]} Nf6
{[%clk 01:30:48]} {[%emt 00:00:06]} 5. O-O {[%clk 01:32:05]} {[%emt 00:00:07]}
Be7 {[%clk 01:31:08]} {[%emt 00:00:10]} 6. d3 {[%clk 01:32:27]} {[%emt
00:00:08]} b5 {[%clk 01:31:21]} {[%emt 00:00:17]} 7. Bb3 {[%clk 01:32:52]}
{[%emt 00:00:06]} d6 {[%clk 01:31:35]} {[%emt 00:00:15]} 8. c3 {[%clk
01:32:54]} {[%emt 00:00:28]} O-O {[%clk 01:31:06]} {[%emt 00:00:58]} 9. a4
{[%clk 01:33:18]} {[%emt 00:00:07]} Bd7 {[%clk 01:30:20]} {[%emt 00:01:17]} 10.
Bc2 {[%clk 01:33:41]} {[%emt 00:00:07]} Re8 {[%clk 01:29:26]} {[%emt 00:01:23]}
11. Re1 {[%clk 01:33:53]} {[%emt 00:00:19]} h6 {[%clk 01:29:02]} {[%emt
00:00:53]} 12. h3 {[%clk 01:34:12]} {[%emt 00:00:11]} Bf8 {[%clk 01:27:42]}
{[%emt 00:01:50]} 13. Nbd2 {[%clk 01:34:21]} {[%emt 00:00:22]} Ne7 {[%clk
01:27:51]} {[%emt 00:00:20]} 14. d4 {[%clk 01:32:53]} {[%emt 00:01:57]} Ng6
{[%clk 01:27:38]} {[%emt 00:00:43]} 15. Nf1 {[%clk 01:33:00]} {[%emt 00:00:23]}
Qb8 {[%clk 01:17:44]} {[%emt 00:10:25]} 16. Ng3 {[%clk 01:29:45]} {[%emt
00:03:45]} Bc6 {[%clk 01:17:57]} {[%emt 00:00:17]} 17. Bd2 {[%clk 01:07:46]}
{[%emt 00:22:29]} Qb7 {[%clk 01:15:04]} {[%emt 00:03:23]} 18. Qb1 {[%clk
00:59:45]} {[%emt 00:08:30]} Bd7 {[%clk 01:06:12]} {[%emt 00:09:23]} 19. b4
{[%clk 00:55:02]} {[%emt 00:05:13]} bxa4 {[%clk 01:05:45]} {[%emt 00:00:57]} 20.
Bxa4 {[%clk 00:54:54]} {[%emt 00:00:38]} Bxa4 {[%clk 01:06:01]} {[%emt
00:00:14]} 21. Rxa4 {[%clk 00:55:12]} {[%emt 00:00:12]} d5 {[%clk 01:01:51]}
{[%emt 00:04:39]} 22. exd5 {[%clk 00:46:58]} {[%emt 00:08:45]} Nxd5 {[%clk
00:37:34]} {[%emt 00:24:47]} 23. dxe5 {[%clk 00:36:40]} {[%emt 00:10:48]} Qc6
{[%clk 00:37:55]} {[%emt 00:00:09]} 24. Qb3 {[%clk 00:32:22]} {[%emt 00:04:48]}
Nb6 {[%clk 00:37:20]} {[%emt 00:01:05]} 25. Ra2 {[%clk 00:31:38]} {[%emt
00:01:13]} Nc4 {[%clk 00:33:25]} {[%emt 00:04:25]} 26. Nd4 {[%clk 00:29:55]}
{[%emt 00:02:14]} Qd5 {[%clk 00:33:39]} {[%emt 00:00:15]} 27. f4 {[%clk
00:28:34]} {[%emt 00:01:52]} Rad8 {[%clk 00:33:50]} {[%emt 00:00:19]} 28. Bc1
{[%clk 00:27:22]} {[%emt 00:01:42]} Bxb4 {[%clk 00:23:37]} {[%emt 00:10:42]} 29.
cxb4 {[%clk 00:20:59]} {[%emt 00:06:54]} Qxd4+ {[%clk 00:24:02]} {[%emt
00:00:06]} 30. Kh2 {[%clk 00:21:16]} {[%emt 00:00:12]} Nb6 {[%clk 00:23:17]}
{[%emt 00:01:15]} 31. e6 {[%clk 00:15:37]} {[%emt 00:06:10]} Qd5 {[%clk
00:22:37]} {[%emt 00:01:10]} 32. Qb1 {[%clk 00:15:44]} {[%emt 00:00:23]} Qd3
{[%clk 00:18:41]} {[%emt 00:04:25]} 33. Qa1 {[%clk 00:13:34]} {[%emt 00:02:40]}
fxe6 {[%clk 00:16:09]} {[%emt 00:03:03]} 34. Rd2 {[%clk 00:13:00]} {[%emt
00:01:04]} Qb5 {[%clk 00:15:49]} {[%emt 00:00:49]} 35. Rxd8 {[%clk 00:11:00]}
{[%emt 00:02:30]} Rxd8 {[%clk 00:16:17]} {[%emt 00:00:02]} 36. f5 {[%clk
00:04:10]} {[%emt 00:07:21]} exf5 {[%clk 00:16:01]} {[%emt 00:00:45]} 37. Bxh6
{[%clk 00:03:32]} {[%emt 00:01:08]} Rd7 {[%clk 00:11:11]} {[%emt 00:05:20]} 38.
Nh5 {[%clk 00:03:39]} {[%emt 00:00:23]} Qxb4 {[%clk 00:10:59]} {[%emt
00:00:42]} 39. Bxg7 {[%clk 00:03:30]} {[%emt 00:00:40]} Qd6+ {[%clk 00:11:17]}
{[%emt 00:00:11]} 40. Kh1 {[%clk 00:03:15]} {[%emt 00:00:46]} Nd5 {[%clk
00:11:46]} {[%emt 00:00:01]} 41. Be5 {[%clk 00:00:49]} {[%emt 00:02:56]} Nxe5
{[%clk 00:07:25]} {[%emt 00:04:51]} 42. Rxe5 {[%clk 00:01:12]} {[%emt
00:00:06]} Nc3 {[%clk 00:07:32]} {[%emt 00:00:23]} 43. Qxc3 {[%clk 00:08:21]}
{[%emt 00:23:22]} Qd1+ {[%clk 00:37:53]} {[%emt 00:00:08]} 44. Kh2 {[%clk
00:07:53]} {[%emt 00:00:59]} Qxh5 {[%clk 00:38:14]} {[%emt 00:00:08]} 45. g4
{[%clk 00:06:49]} {[%emt 00:01:34]} Qh6 {[%clk 00:33:03]} {[%emt 00:05:40]} 46.
Rxf5 {[%clk 00:06:29]} {[%emt 00:00:51]} Qd2+ {[%clk 00:32:53]} {[%emt
00:00:41]} 47. Qxd2 {[%clk 00:06:52]} {[%emt 00:00:06]} Rxd2+ {[%clk 00:33:20]}
{[%emt 00:00:04]} 48. Kg3 {[%clk 00:07:16]} {[%emt 00:00:05]} Rd8 {[%clk
00:33:47]} {[%emt 00:00:03]} 49. Ra5 {[%clk 00:07:24]} {[%emt 00:00:22]} Ra8
{[%clk 00:33:33]} {[%emt 00:00:44]} 50. Kf4 {[%clk 00:05:38]} {[%emt 00:02:16]}
c5 {[%clk 00:33:54]} {[%emt 00:00:09]} 51. Ke4 {[%clk 00:04:23]} {[%emt
00:01:46]} Kg7 {[%clk 00:31:32]} {[%emt 00:02:52]} 52. Kd5 {[%clk 00:03:48]}
{[%emt 00:01:04]} Rh8 {[%clk 00:28:26]} {[%emt 00:03:36]} 53. Ra3 {[%clk
00:04:08]} {[%emt 00:00:11]} Rc8 {[%clk 00:28:49]} {[%emt 00:00:06]} 54. Rxa6
{[%clk 00:01:41]} {[%emt 00:02:58]} c4 {[%clk 00:29:07]} {[%emt 00:00:11]} 55.
Ra2 {[%clk 00:02:10]} {[%emt 00:00:02]} c3 {[%clk 00:28:23]} {[%emt 00:01:14]}
56. Rc2 {[%clk 00:02:38]} {[%emt 00:00:01]} Kg6 {[%clk 00:28:42]} {[%emt
00:00:11]} 57. Kd4 {[%clk 00:02:42]} {[%emt 00:00:27]} Rd8+ {[%clk 00:29:08]}
{[%emt 00:00:03]} 58. Kxc3 {[%clk 00:03:08]} {[%emt 00:00:05]} Rh8 {[%clk
00:29:34]} {[%emt 00:00:04]} 59. Rh2 {[%clk 00:03:35]} {[%emt 00:00:03]} Kg5
{[%clk 00:29:57]} {[%emt 00:00:06]} 60. Kd4 {[%clk 00:03:52]} {[%emt 00:00:14]}
Rh7 {[%clk 00:19:31]} {[%emt 00:10:56]} 61. Ke4 {[%clk 00:03:53]} {[%emt
00:00:29]} Rh8 {[%clk 00:19:34]} {[%emt 00:00:26]} 62. Kf3 {[%clk 00:04:17]}
{[%emt 00:00:07]} Kh4 {[%clk 00:19:56]} {[%emt 00:00:07]} 63. Re2 {[%clk
00:03:50]} {[%emt 00:00:58]} Rf8+ {[%clk 00:17:25]} {[%emt 00:03:01]} 64. Kg2
{[%clk 00:04:18]} {[%emt 00:00:01]} Ra8 {[%clk 00:17:47]} {[%emt 00:00:07]} 65.
Re7 {[%clk 00:02:59]} {[%emt 00:01:50]} Ra2+ {[%clk 00:09:18]} {[%emt
00:08:58]} 66. Kf3 {[%clk 00:03:29]} {[%emt 00:00:02]} Ra3+ {[%clk 00:09:35]}
{[%emt 00:00:12]} 67. Kf4 {[%clk 00:03:12]} {[%emt 00:00:47]} Ra4+ {[%clk
00:10:01]} {[%emt 00:00:04]} 68. Kf5 {[%clk 00:03:15]} {[%emt 00:00:27]} Ra5+
{[%clk 00:10:27]} {[%emt 00:00:04]} 69. Kf6 {[%clk 00:03:12]} {[%emt 00:00:33]}
Ra6+ {[%clk 00:10:54]} {[%emt 00:00:03]} 70. Re6 {[%clk 00:03:39]} {[%emt
00:00:03]} Ra5 {[%clk 00:11:01]} {[%emt 00:00:23]} 71. Kg6 {[%clk 00:03:25]}
{[%emt 00:00:44]} Ra3 {[%clk 00:07:27]} {[%emt 00:04:03]} 72. g5 {[%clk
00:03:29]} {[%emt 00:00:27]} Re3 {[%clk 00:07:52]} {[%emt 00:00:05]} 73. Rf6
{[%clk 00:03:31]} {[%emt 00:00:28]} Rf3 {[%clk 00:08:08]} {[%emt 00:00:14]} 74.
Kh6 {[%clk 00:03:50]} {[%emt 00:00:11]} Rxh3 {[%clk 00:07:35]} {[%emt
00:01:02]} 75. g6 {[%clk 00:04:11]} {[%emt 00:00:11]} 1-0